Tamanrasset - Choix multiples - Statistiques

Statistiques générales
  • Ce quiz a été pris 5 fois
  • Le résultat moyen est 8 sur 10
Statistiques - réponses
Question Réponse % Correct
Parmi les images suivantes, laquelle présente un aspect de Tamanrasset ?
100%
Quelle personnalité a déclaré : "Tous Français, de Dunkerque à Tamanrasset" ? Charles De Gaulle
100%
Dans quel pays se situe Tamanrasset ? L'Algérie
100%
Sur quelle chaîne montagneuse se niche Tamanrasset ? Le Hoggar
100%
Au cœur de quel désert se situe Tamanrasset ? Le Sahara
100%
De quelle ethnie Tamanrasset est-elle la capitale ? Les Touaregs
100%
Quel ermite français étudia la langue et la culture des précédents à Tamanrasset avant de s'y faire assassiner ? Charles de Foucauld
67%
Quel était le nom de code du tout premier essai nucléaire français en 1960, bombe dont le nuage radioactif atteignit Tamanrasset dès le lendemain ? Gerboise bleue
67%
Quel aviateur boucla en 1920 la première traversée du désert cité en réponse #2, en faisant une escale à Tamanrasset ? Joseph Vuillemin
33%
L'aviateur François-Henry Laperrine décéda durant sa tentative de traversée du même désert. Il fut inhumé à Tamanrasset avant que son corps ne soit rapatrié en France. Quelle unité de l'armée a-t-il fondée ? Les Méharistes
33%
Aucun quiz correspondant
Distribution des résultats
% des personnes avec chaque résultat
Percentile par nombre de réponses
Votre historique - résultats
Vous n’avez pas pris ce quiz